000 01099nam a22002297a 4500
008 100225t xxu||||| |||| 00| 0 eng d
020 _a9781844809523
082 _222
_a005.1
_bLAN
100 _aLano, Kevin.
_911900
245 _a Model-driven software development with UML and Java /
_cKevin Lano.
260 _aLondon :
_bCengage Learning,
_cc2009.
300 _axxii, 437 p. :
_b ill. ;
_c 25 cm.
500 _aFormerly CIP.
500 _aIncludes bibliographical references and index.
650 _aModel-driven software architecture.
_911901
650 _aUML (Computer science)
_911902
650 _aJava (Computer program language)
_911903
942 _2ddc
_cBB
999 _c13508
_d13508